Vickery's law and accounts of executors, administrators and trustees. (Record no. 158824)

MARC details
000 -LEADER
fixed length control field 01069pam a2200301 a 4500
008 - FIXED-LENGTH DATA ELEMENTS--GENERAL INFORMATION
fixed length control field
020 ## - INTERNATIONAL STANDARD BOOK NUMBER
International Standard Book Number 0304313890 (pbk. )
049 ## - LOCAL HOLDINGS (OCLC)
Holding library MAIN
090 ## - LOCALLY ASSIGNED LC-TYPE CALL NUMBER (OCLC); LOCAL CALL NUMBER (RLIN)
Classification number (OCLC) (R) ; Classification number, CALL (RLIN) (NR) KD1530.A3 KIM
003 - CONTROL NUMBER IDENTIFIER
control field
005 - DATE AND TIME OF LATEST TRANSACTION
control field 20230123134029.0
040 ## - CATALOGING SOURCE
Transcribing agency NUST
100 1# - MAIN ENTRY--PERSONAL NAME
Personal name Vickery, Bertram George.
245 10 - TITLE STATEMENT
Title Vickery's law and accounts of executors, administrators and trustees.
250 ## - EDITION STATEMENT
Edition statement 21st ed.
260 ## - PUBLICATION, DISTRIBUTION, ETC.
Place of publication, distribution, etc. London :
Name of publisher, distributor, etc. Cassell,
Date of publication, distribution, etc. c1987.
300 ## - PHYSICAL DESCRIPTION
Extent xvi, 366 p. ;
Dimensions 25 cm.
500 ## - GENERAL NOTE
General note Previous ed.: published as Law and accounts of executors, administrators, and trustees. 1980.
500 ## - GENERAL NOTE
General note Includes index.
650 #0 - SUBJECT ADDED ENTRY--TOPICAL TERM
Topical term or geographic name entry element Decedents' estates
Geographic subdivision England
General subdivision Accounting.
653 ## - INDEX TERM--UNCONTROLLED
Uncontrolled term England
-- Inherited property: Estates
-- Administration
-- Law - For accountancy
700 1# - ADDED ENTRY--PERSONAL NAME
Personal name Kimmer, John.
700 1# - ADDED ENTRY--PERSONAL NAME
Personal name Scriven, Graham.
700 1# - ADDED ENTRY--PERSONAL NAME
Personal name Stanfield, Russ.
700 1# - ADDED ENTRY--PERSONAL NAME
Personal name Vickery, Bertram George.
Title of a work Law and accounts of executors, administrators, and trustees.
907 ## - LOCAL DATA ELEMENT G, LDG (RLIN)
a .b10061691
b 02-05-07
c 17-04-03
942 ## - ADDED ENTRY ELEMENTS (KOHA)
Koha item type Ordinary Loan Books
Call number prefix KD1530.A3 KIM
Holdings
Date last seen Total Checkouts Full call number Barcode Cost, replacement price Price effective from Koha item type Lost status Source of classification or shelving scheme Damaged status Not for loan Collection Withdrawn status Home library Current library Shelving location Date acquired Cost, normal purchase price
01/23/2023 1 KD1530.A3 VIC 92003007818 80.00 01/23/2023 BOOKS   LCC     NFIC   MAIN MAIN GEN 01/23/2023 80.00